| 000 | 00379nam a22001577a 4500 | ||
|---|---|---|---|
| 003 | OSt | ||
| 005 | 20240311124535.0 | ||
| 008 | 171027b xxu||||| |||| 00| 0 eng d | ||
| 020 | _a 9789352028870 | ||
| 040 | _cSEROSOFT | ||
| 100 | _aMISHNA, PURI | ||
| 245 | _aECONOMIC ENVIRONMENT OF BUSINESS | ||
| 260 |
_aNEW DELHI _bHIMALAYA _c25/04/2011 |
||
| 300 | _a702 | ||
| 942 |
_2ddc _c02 |
||
| 999 |
_c40787 _d40787 |
||